000 00504nam a2200181Ia 4500
001 15860
005 20260306170227.0
008 260306t2009||||xx |||||||||||||| ||und||
041 _aESP
082 _a620.112
_bA174 V. 2
100 _aAshby, Michael F.
_eAUT
245 0 _aMateriales para ingeniería 2:
_bintroducción a la microestructura, el procesamiento y el diseño
260 _c2009
300 _axv, 490 páginas :
_c24 cm.
650 _aGEN
654 _aCIC
942 _cLIB
_dJUS
_fJUS
_2ddc
_n
999 _c15860
_d15860